000 01376nam2a22003131 4500
001 v19\rc\1578682
005 20250619045338.0
035 _a(NLR Aleph) 004831344
090 _a4725438
_c4725438
100 _a20061002d1901 |||y0rusy50 ca
101 0 _arus
102 _aRU
105 _ay z |||||
200 0 _aВып. 5
_eКо дню столетней годовщины восстановления Пензенской губернии (9 сент. 1801-1901)
210 _d1901
_aБ. м.
215 _a[2], 60 с.
461 0 _1001v19\rc\1578677
_12001#$aСборник Пензенского губернского статистического комитета$fПод ред. В.П. Попова. Вып. 1$vВып. 5
_94725391
_aПензенский губ. статистический комитет
_cПенза
_d1893-1905
_fПод ред. В.П. Попова. Вып. 1
_tСборник Пензенского губернского статистического комитета
_vВып. 5
607 _aПензенская губерния
801 0 _aRU
_bNLR
_gpsbo
801 0 _aRU
_bRuMoRGB
_2psbo
801 1 _aRU
_bProSoft-M
_2rusmarc
852 _aNLR
_j20.76.6.46
899 _aRuMoRGB
_jS 35/318
899 _aRuMoRGB
_jS 44/1482
899 _aRuMoRGB
_jФ 1-59/5908
899 _aГПИБ
899 _aНБ МГУ
942 _cBOOK
980 _aNB